000 01188cab a2200217 4500
001 X1688
008 090401t1994 xxu||||| |||| 00| 0 eng d
035 _a(Sirsi) u18696
041 _aeng
245 _aTesco Stores Ltd v SoS Environment and West Oxfordshire DC and Tarmac Provincial Properties Ltd
260 _c1994
350 _a0
490 _aJournal of Planning and Environment Law
_v1994 JPL 919-937(19)
520 _aCA 25 May 1994. Retail food superstore. Construction of relief road. Effect of superstore on highway congestion. Relevance of offer to construct. Was the relief road an unrelated benefit? Relevance of preference of locall plan Inspector. Application of Annex B of Circular 16/91. Tests in Newbury. Section 106 obligation. Relevance of test of necessity - immateriality of consideration relating to provision of road. Legality of Annex B. Weight of a material consideration issue for SoS. Decision of SoS upheld by CA, reversing the High Court. (Headnote from Journal)
650 _aDOE CIRCULAR 16/1991
650 _aPLANNING APPLICATIONS
650 _aSUPERSTORE
690 _aPLANNING LAW AND PRACTICE-CASE LAW
942 _n0
948 _c04/03/1997
999 _c12443
_d12443